Cartografía del desencuentro /

Gespeichert in:
Bibliographische Detailangaben
1. Verfasser: Buj, Joseba (autor)
Weitere Verfasser: Barrios, José Luis (presentación) (presentación)
Format: Buch
Sprache:Spanisch
Veröffentlicht: Jalapa, México : México : Universidad Veracruzana ; Universidad Iberoamericana Ciudad de México, 2017, c2017
Schriftenreihe:(Biblioteca Universidad Veracruzana)
Schlagworte:
Tags: Tag hinzufügen
Keine Tags, Fügen Sie das erste Tag hinzu!

MARC

LEADER 00000nam^a2200000^a^4500
001 000410634
005 20250521000000.0
009 20260310122053.255
020 |a 978-607-502-584-1 
020 |a 978-607-417-462-5 
037 |a Acervo ITESO - Biblioteca 
041 |a ESP 
082 |a 864.  |b BUJ 
100 |a Buj, Joseba  |e (autor) 
245 1 0 |a Cartografía del desencuentro /  |c J. Buj ; presen. de J.L. Barrios. 
264 4 |a Jalapa, México :  |b Universidad Veracruzana ;  |a México :  |b Universidad Iberoamericana Ciudad de México,  |c 2017, c2017 
300 |a 223 p. 
336 |a texto  |b txt  |2 rdacontenido 
337 |a sin mediación  |b n  |2 rdamedio 
338 |a volumen  |b nc  |2 rdasoporte 
440 1 |a (Biblioteca Universidad Veracruzana) 
521 |a 2020 BO Licenciatura en Arte y Creación 
649 |a XX 
650 |a Autonomía Universitaria 
650 |a Proyecto Universitario 
650 |a Boxeo 
650 |a Ensayos Mexicanos -  |x Tema Principal 
650 |a Poesía -  |x Historia y Crítica 
650 |a Literatura Francesa -  |x Historia y Crítica 
650 |a Literatura Mexicana -  |x Historia y Crítica 
650 |a Literatura -  |x Historia y Crítica 
650 |a Filosofía -  |x Historia y Crítica 
700 |a Barrios, José Luis  |e (presentación) 
910 |a Fondo General 
920 |a Impresos - Libros 
930 |a Colección General 
940 |a Literatura 
905 |a 101 
901 |a 0500319140  |b IT1  |c LIT  |i D104924  |u 20250521 
901 |a 0500325249  |b IT1  |c LIT  |i C170427  |u 20250521 
902 |a https://opac.biblio.iteso.mx/vufind/Record/000410634